000 01585cam a22004214i 4500
003 PE-LiUPU
005 20250731175646.0
008 150616s r 000 0 d
020 _a0890031983
035 _a(Sirsi) i9780890031988
040 _aPE-LiUPU
_bspa
_cPE-LiUPU
_erda
049 _aPRUA
082 0 4 _a499.9502
_bH28
_221
100 1 _aHayes, John L.,
_d1946-
_qJohn Lewis,
_eautor.
245 1 2 _aA Manual of Sumerian Grammar and Texts /
_cJohn L. Hayes.
264 1 _aMalibu, CA. :
_bUndena Publications,
_c1990.
300 _a311 páginas :
_bilustraciones ;
_c28 centímetros
336 _atext
_2rdacontent
337 _aunmediated
_2rdamedia
338 _avolume
_2rdacarrier
490 0 _aAids and research tools in ancient Near Eastern studies ;
_v5
504 _aIncluye referencias bibliográficas (páginas 291-307) e índice.
505 0 _aThe sumerian language.- Lessons in sumerian grammar.- Appendices.
526 _aP145
526 _aP127
526 _aP97
526 _aP35
526 _aP14
526 _aP07
650 0 4 _aLengua sumeria
_xGramática.
910 _ajck
_bjvq
_cjck
942 _2ddc
_cBOOK
949 _a499.9502 H28
_wDEWEY
_c1
_i43309
_lCCODEBUL1
_mBUL
_r0
_sY
_tBOOK
_u2015-6-16
_xTEOLOGIA
_zUNKNOWN
_0COMPRA
_o.STAFF. Colección General
994 _aC0
_bPEPRU
596 _a1
999 _a499.9502 H28
_wDEWEY
_c61277
_i43309
_f2021-11-12
_g5
_lCCODEBUL1
_mBUL
_r0
_sY
_tBOOK
_u2015-6-16
_xTEOLOGIA
_zUNKNOWN
_0COMPRA
_o.STAFF. Colección General
_d61277
980 _81
_gALBERTO SANCHEZ Responsable de Automatización